000 00803nam a2200265Ia 4500
003 OSt
005 20220928114155.0
006 a|||||r|||| 00| 0
007 ta
008 220927b |||||||| |||| 00| 0 eng d
020 _cUKP 120.00
024 _a138195
037 _b75, 12/02/2018, Kiran Book Service
_cTextual
040 _aSDCL
_cSDCL
_beng
041 _2eng
_aeng
082 _aY:675, Q4
100 _aSingh Om Prakash Ed.
_9437286
245 0 _aSocial structure and social policy
260 _aLondon
_bKoros Press Limited
_c2015
300 _aviii,287p.
_ccm.
650 _aPhilosophy
700 _a Kanti Nishi Ed.
_9437287
942 _hY:675, Q4
_cTEXL
_2CC
999 _c753240
_d753240